Cross-dialectal variation in Swiss German : doubling verbs, verb projection raising, barrierhood and LF movement

Bibliographic Details
Published in:Studies in comparative Germanic syntax, ed. by Hubert Haider, Susan Olsen and Sten Vikner, Dordrecht [etc.], 1995, p. 285-306 (Studies in natural language and linguistic theory)
Main Authors: Schönenberger, Manuela, Penner, Zvi
Content type: Article
Published: 1995
Source:MPIPL_cat
_version_ 1863687006943444995
author Schönenberger, Manuela
author2 Penner, Zvi
author2_variant z p zp
author_facet Schönenberger, Manuela
Penner, Zvi
author_search Schönenberger, Manuela
Penner, Zvi
author_sort Schönenberger, Manuela
author_variant m s ms
collection_details MPIPL
container_reference p. 285-306
container_start_page 285
container_title Studies in comparative Germanic syntax
dedup_id_str MPIPL_cat.PL0064580
dewey-hierarchy 0/[Unassigned]/
dewey-hierarchy_str 0/[Unassigned]/
first_indexed 2026-03-14T00:40:13Z
format 0/Artikel/
format_str 0/Artikel/
fullrecord <?xml version="1.0" encoding="UTF-8"?> <collection xmlns:xsi="http://www.w3.org/2001/XMLSchema-instance" xsi:schemaLocation="http://www.loc.gov/MARC21/slim http://www.loc.gov/standards/marcxml/schema/MARC21slim.xsd" xmlns="http://www.loc.gov/MARC21/slim"> <record> <leader>00000naa a2200000 u 4500</leader> <controlfield tag="001">PL0064580</controlfield> <controlfield tag="003">PLI01000000000000000062778</controlfield> <controlfield tag="005">00000000000000.0</controlfield> <controlfield tag="008"> ||| u </controlfield> <datafield tag="100" ind1="1" ind2=" "> <subfield code="a">Schönenberger, Manuela</subfield> </datafield> <datafield tag="245" ind1="0" ind2="0"> <subfield code="a">Cross-dialectal variation in Swiss German</subfield> <subfield code="b">doubling verbs, verb projection raising, barrierhood and LF movement</subfield> <subfield code="c">Manuela Schönenberger and Zvi Penner</subfield> </datafield> <datafield tag="260" ind1=" " ind2=" "> <subfield code="c">1995</subfield> </datafield> <datafield tag="700" ind1="1" ind2=" "> <subfield code="a">Penner, Zvi</subfield> </datafield> <datafield tag="952" ind1=" " ind2=" "> <subfield code="j">1995</subfield> <subfield code="h">p. 285-306</subfield> </datafield> <datafield tag="996" ind1=" " ind2=" "> <subfield code="a">Aufsatz</subfield> </datafield> <datafield tag="997" ind1=" " ind2=" "> <subfield code="a">book chapter</subfield> </datafield> <datafield tag="773" ind1="0" ind2="8"> <subfield code="t">Studies in comparative Germanic syntax</subfield> <subfield code="a">ed. by Hubert Haider, Susan Olsen and Sten Vikner</subfield> <subfield code="d">Dordrecht [etc.], 1995</subfield> <subfield code="g">p. 285-306</subfield> <subfield code="k">Studies in natural language and linguistic theory</subfield> <subfield code="w">MPIPL_cat.PL0063202</subfield> <subfield code="z">0-7923-3280-6</subfield> <subfield code="i">In:</subfield> </datafield> </record> </collection>
hierarchy_parent_id MPIPL_cat.PL0063202
hierarchy_parent_title Studies in comparative Germanic syntax
id MPIPL_cat.PL0064580
illustrated Not Illustrated
institution MPIPL_cat
institution_str MPIPL_cat
isbn 9780792332800
0-7923-3280-6
language und
language_str und
last_indexed 2026-04-27T23:41:44Z
local_fields Aufsatz
online false
online_MPIPL_cat false
online_str false
publishDate 1995
publishDate_str 1995
record_format marc
spelling Schönenberger, Manuela
Cross-dialectal variation in Swiss German
doubling verbs, verb projection raising, barrierhood and LF movement
Manuela Schönenberger and Zvi Penner
1995
Penner, Zvi
Studies in comparative Germanic syntax
ed. by Hubert Haider, Susan Olsen and Sten Vikner
Dordrecht [etc.], 1995
p. 285-306
Studies in natural language and linguistic theory
0-7923-3280-6
In
spellingShingle Schönenberger, Manuela
Cross-dialectal variation in Swiss German : doubling verbs, verb projection raising, barrierhood and LF movement
title Cross-dialectal variation in Swiss German : doubling verbs, verb projection raising, barrierhood and LF movement
title_full Cross-dialectal variation in Swiss German doubling verbs, verb projection raising, barrierhood and LF movement Manuela Schönenberger and Zvi Penner
title_fullStr Cross-dialectal variation in Swiss German doubling verbs, verb projection raising, barrierhood and LF movement Manuela Schönenberger and Zvi Penner
title_full_unstemmed Cross-dialectal variation in Swiss German doubling verbs, verb projection raising, barrierhood and LF movement Manuela Schönenberger and Zvi Penner
title_search Cross-dialectal variation in Swiss German doubling verbs, verb projection raising, barrierhood and LF movement
title_short Cross-dialectal variation in Swiss German
title_sort cross dialectal variation in swiss german doubling verbs verb projection raising barrierhood and lf movement manuela schönenberger and zvi penner
title_sub doubling verbs, verb projection raising, barrierhood and LF movement